Statistics for Spongebob Quiz for the Highly Intellectual

Click here to take the quiz!

General Stats

  • This quiz has been taken 175 times
  • The average score is 7 of 20

Answer Stats

HintAnswer% Correct
Spongebob lives on this streetConch
85%
Patrick's femenine alter-egoPatricia
83%
Plankton's real first nameSheldon
74%
The second sign of the Hash-Slinging-Slasherlights flickering
53%
The song performed at the Bubble BowlSweet Victory
49%
What is served at the GoofyGoober Bar?Ice Cream Sundaes
44%
How much does a Krabby Patty cost?$2.99
40%
How much does a Krabby Patty cost on Wednesday?99 cents
38%
The egg that resides in Mrs. Puff's classroomRoger
35%
Squidward's musical idolKelpy G
35%
Spongebob takes Pearl on a date to this high school danceProm
30%
What is the name of the retirement home that houses Mermaid Man and Barnacle Boy?Shady Shoals
27%
Bikini Bottom's toy storeToy Barrel
25%
The Wal-Mart of Bikini BottomBarg N' Mart
19%
While stuck indoors due to a fear of the outside, Spongebob has 3 friends. Who are they?Penny, Chip, Used Napkin
19%
Squidward's short-lived public access TV showSquidward Chat
11%
The game that Squidward, PAtrick, and Spongebob play in the episode "Pineapple Fever"Boundaries
9%
What does a Krabby Patty meal consist of? (other than a sandwich)Kelp Fries and a drink
7%
What is the first lline spoken by Spongebob in Spongebob Squarepants the Movie?Talk to me, Krabs
6%
Spngebob's wrestling nicknameShort Order Boy
4%

Score Distribution

Percentile by Number Answered

Percent of People with Each Score

Your Score History

You have not taken this quiz